Normal view
MARC view
Entry Personal Name
001 - CONTROL NUMBER
- control field: 68016
003 - CONTROL NUMBER IDENTIFIER
- control field: dpl
005 - DATE AND TIME OF LATEST TRANSACTION
- control field: 20240703110015.0
008 - FIXED-LENGTH DATA ELEMENTS
- fixed length control field: 240703|| aca||aabn | a|a d
040 ## - CATALOGING SOURCE
- Original cataloging agency: dpl
- Transcribing agency: dpl
100 ## - HEADING--PERSONAL NAME
- Personal name: सौरभ, सुस्मित
670 ## - SOURCE DATA FOUND
- Source citation: Work cat.: (dpl)203874: सौरभ, सुस्मित, मिथक और कुँवर नारायण/, 2021
